000
00250nam a2200109Ia 4500
005
20251222114350.0
008
251222s1900||||xx |||||||||||||| ||spa||
082
_a
DVD0070/T72/2000
245
0
_a
El pianista
264
_b
Studio Babelsberg
942
_c
DVD
999
_c
1199
_d
1199